=LDR 00000nam 2200000 4500 =001 NUTBA000000000004621 =005 20140918093222.0 =006 =007 =008 =020 ##$$a 978-602-9212-86-0 =035 ##$$0010-091400000000654 =040 ##$$a NBPDMAT =082 ##$$a 650 =084 ##$$a 650 Lah i =100 ##$$a Lahandi Baskoro =245 ##$$a I'ts My Startup : 50 Tips memasuki, memahami dan mengembangkan Bisnis Startup / $c Lahandi Baskoro =260 ##$$a Solo : $b Metagraf, $c 2013 =300 ##$$a ix, 172 hlm. : $b ilus. ; $c 21 cm. =650 ##$$a Bisnis =990 ##$$a 21409527 =990 ##$$a 0001/BPAP-NTB/20142014 =990 ##$$a 0001/BPAP-NTB/20142014 =990 ##$$a 0001/BPAP-NTB/20142014 =990 ##$$a 0001/BPAP-NTB/20142014 =990 ##$$a 0001/BPAP-NTB/20142014 =990 ##$$a 0001/BPAP-NTB/2015